|
|
|
|
| LEADER |
00000nam a22000007a 4500 |
| 005 |
20220407225131.0 |
| 007 |
cr|||| |||| |
| 008 |
220407s2019 br |||||s|||| 00||0 por d |
| 020 |
|
|
|a 978-85-301-0137-4
|
| 035 |
|
|
|a 36040
|
| 040 |
|
|
|a vLex
|
| 090 |
|
|
|c 13134
|d 13134
|
| 100 |
1 |
|
|a Novaes Martinez, Wladimir
|
| 245 |
1 |
0 |
|a Lei da Minirreforma da Previdn̊cia Social
|h [Recurso electrn̤ico] :
|b Comentr̀ios ̉Lei n. 13.846/19 (Conversô da MP n. 871/19) /
|c Wladimir Novaes Martinez
|
| 256 |
|
|
|a Servicio en ln̕ea
|
| 260 |
|
|
|a San Pablo:
|b LTR,
|c 2019
|
| 300 |
|
|
|a 1 recurso electrn̤ico
|
| 500 |
|
|
|a Nesta Lei da “Minirreforma da Previdn̊cia Social” foram apreciados aspectos da Lei n. 13.846/19 que sô relevantes porque dizem respeito s̉ obrigaė̳s e aos direitos usuais dos beneficir̀ios do Regime Geral de Previdn̊cia Social. Antecipando-se q̉uilo que se convencionou chamar de Reforma da Previdn̊cia Social, encaminhada pelo Ministřio da Economia, objeto da PEC n. 6/19, a Medida Provisr̤ia n. 871/19 foi convertida no Congresso Nacional pela Lei n. 13.846/19. Assim, a LTr convidou o Prof. Wladimir Novaes Martinez para esmiuȧr as principais alteraė̳s havidas na Lei n. 8.212/91 (Plano de Custeio e Organizaȯ̂ da Seguridade Social) e Lei n. 8.213/91 (Plano de Benefc̕ios da Previdn̊cia Social), que afetam o direito costumeiro das prestaė̳s. Essas normas, precedidas da Reforma da Previdn̊cia Social, passaram um tanto despercebidas da md̕ia e, no entanto, carecem ser estudadas pelos especialistas, uma vez que dizem respeito a institutos tčnicos do dia a dia. Alguns requisitos bs̀icos foram afetados, como os referentes s̉ prestaė̳s que dô cobertura a riscos e sinistros nô programados (auxl̕io-doenȧ, auxl̕io-acidente, aposentadoria por invalidez, pensô por morte e auxl̕io-reclusô).
|
| 506 |
1 |
|
|a Disponible solo en los productos indicados
|d vLex Global
|d vLex Global (Academic Edition, excluding Law Schools)
|d vLex Global (U.S. Academic Edition, Law Schools)
|d vLex Global (U.S. Academic Edition, excluding Law Schools)
|d vLex Global (Academic Edition, Law Schools)
|
| 650 |
0 |
4 |
|a Seguridad Social
|z Brasil
|
| 740 |
0 |
|
|a vLex Libros (Servicio en ln̕ea)
|
| 856 |
4 |
0 |
|u https://app.vlex.com/#/sources/36040
|z Acceso restringido
|
| 942 |
|
|
|c BOOK
|
| 999 |
0 |
|
|a Social Security
|